000 00605nam a22001937a 4500
005 20150923150501.0
010 _aENG-113732
020 _a9788192881294
_c240.00
035 _aEN- 97264
037 _bDBAD/PUB
082 _a530.03
245 _aDictionary of physics /
_cedited & compiled by Raghvendra Singh [and] S.N. Gupta
260 _aGreater Noida
_bNucleus Books & Encyclopedia
_c2015
270 _a2nd Floor, B-31, Pocket P3
_bGreater Noida
_e201308
300 _a176p.
_c22cm(pbk)
700 _a Raghvendra Singh
700 _aGupta, S.N.
942 _2ddc
_cEN
_mDIC
_h530.03
999 _c95336
_d95336